000 00305nam a22001457a 4500
008 210427b ||||| |||| 00| 0 eng d
020 _a2310002145837
041 _aeng
080 _21st
_a37
082 _a37
100 _a46
101 _aEDU
245 _aARC Reader
_cDickinson,E
942 _2udc
_cBK
999 _c56817
_d56817